Человек на часах. Избранные повести и рассказы: учебное пособие для вузов

Bibliographic Details
Main Author: Лесков Н. С. Николай Семенович
Summary:Николай Семенович Лесков (1831—1895) достаточно скромно оценивал свое место в истории русской литературы: «Мне кажется, что я... некоторая пригодность — и только». Время внесло принципиальные коррективы в эту явно заниженную самооценку. Такие произведения Лескова, как «Соборяне», «Левша», «Очарованный странник», «Человек на часах», «Прекрасная Аза» и др., давно стали классическими для нашего народа, а их автор заслуженно занял достойное место среди самых выдающихся русский писателей.
Language:Russian
Published: Москва, Издательский дом "Парад", 2006
Series:Новая библиотека русской классики-Обязательный экземпляр
Subjects:
Format: MixedMaterials Book
KOHA link:https://koha.lib.tpu.ru/cgi-bin/koha/opac-detail.pl?biblionumber=116862

MARC

LEADER 00000nam0a2200000 4500
001 116862
005 20231101215346.0
010 |a 5806100758 
035 |a (RuTPU)RU\TPU\book\126464 
090 |a 116862 
100 |a 20070529d2006 m y0rusy50 ca 
101 0 |a rus 
102 |a RU 
105 |a ac j 001ay 
200 1 |a Человек на часах. Избранные повести и рассказы  |e учебное пособие для вузов  |f Н. С. Лесков 
210 |a Москва  |c Издательский дом "Парад"  |d 2006 
215 |a 832 с.  |c ил. 
225 1 |a Новая библиотека русской классики-Обязательный экземпляр 
320 |a Библиогр.: с. 829-830. 
330 |a Николай Семенович Лесков (1831—1895) достаточно скромно оценивал свое место в истории русской литературы: «Мне кажется, что я... некоторая пригодность — и только». Время внесло принципиальные коррективы в эту явно заниженную самооценку. Такие произведения Лескова, как «Соборяне», «Левша», «Очарованный странник», «Человек на часах», «Прекрасная Аза» и др., давно стали классическими для нашего народа, а их автор заслуженно занял достойное место среди самых выдающихся русский писателей. 
610 1 |a русская литература 
610 1 |a проза 
610 1 |a повести 
610 1 |a рассказы 
610 1 |a учебные пособия 
675 |a Р1  |v 3 
700 1 |a Лесков  |b Н. С.  |c русский писатель  |f 1831-1895  |g Николай Семенович  |2 stltpush  |3 (RuTPU)RU\TPU\pers\6063  |9 1188 
801 1 |a RU  |b 63413507  |c 20070529  |g PSBO 
801 2 |a RU  |b 63413507  |c 20160118  |g PSBO 
942 |c BK